[Event "Madrid Chamartin op 1st"]
[Site "Madrid"]
[Date "2012.09.13"]
[Round "7"]
[White "Narro Jimenez, Jose Reyes"]
[Black "Rodriguez Dorado, Victor Manuel"]
[Result "0-1"]
[WhiteElo "1835"]
[BlackElo "1958"]
[PlyCount "78"]
[EventDate "2012.09.09"]
[EventType "swiss"]
[EventRounds "9"]
[EventCountry "ESP"]
[SourceTitle "CBM 150 Extra"]
[Source "ChessBase"]
[SourceDate "2012.10.19"]
[SourceVersion "1"]
[SourceVersionDate "2012.10.19"]
[SourceQuality "1"]

1. e4 c6 2. d4 d5 3. Nc3 b5 4. a3 dxe4 5. Nxe4 Nf6 6. Nxf6+ exf6 7. Nf3 Bd6 8. Bd3 0-0 9. 0-0 Bb7 10. Be3 Nd7 11. c3 a6 12. Qc2 h6 13. Nh4 Nb6 14. Nf5 Nd5 15. Qe2 Bf4 16. g3 Bxe3 17. fxe3 Bc8 18. e4 Ne7 19. Nxe7+ Qxe7 20. Qh5 f5 21. e5 c5 22. Qf3 Bb7 23. Qxf5 g6 24. Qf4 cxd4 25. cxd4 Qd7 26. Be2 Rac8 27. Rac1 Rxc1 28. Rxc1 Qd5 29. Kf2 Qg2+ 30. Ke1 Rd8 31. Rc7 Bd5 32. Qxh6 Qg1+ 33. Bf1 Qxd4 34. Qf4 Qxb2 35. Qf6 Qa1+ 36. Kf2 Qd4+ 37. Ke1 Be6 38. Qg5 Rd5 39. Be2 Rxe5 0-1